000 00276nam a22001337a 4500
008 170911b xxu||||| |||| 00| 0 eng d
020 _a133513467
041 _aeng
080 _a91
100 _a42
101 _aGJEO
245 _aGEOGRAPHY
_cTAAFFE, E.J
942 _2udc
_cBK
999 _c26934
_d26934